000 00666nab a2200193 4500
001 244442
003 OSt
005 20250930115420.0
007 tu
008 200917s2020|||||||
040 _aDE-2950
_cDE-2950
245 0 0 _aKleist-Oberschüler erkunden ihren Neubau
_bBildung. In Frankfurt ist Haus 2 mit modernen Räumen, einer Mensa und mehr Platz für Schüler und Lehrkräfte nach fünf Jahren Planungs- und Bauzeit fertig/
_cLisa Larossa
264 _c2025
653 _aFrankfurt (Oder)
653 _aKleist-Oberschule
653 _aNeubau
773 0 _g36. Jahrgang (2025) Nr. 217 vom 17.09.2025, S. 13 mit Foto
_tMärkische Oderzeitung
942 _2z
_cA
999 _c374021
_d374021